000 00404nam a22001577a 4500
999 _c985
_d985
008 200103b ||||| |||| 00| 0 eng d
082 0 0 _a621.75
_bH6561
100 _9172
_aHilton, B. Richard
245 1 0 _aEngineering machine shop practice
_cby B Richard Hilton
250 _a2nd
260 _aLondon
_bPitman
_c1946
300 _ax,189p.
365 _d3.06
650 0 _aWorkshop Technology
942 _cBK